[Event "Irish Championship 2020"]
[Site "Dublin"]
[Date "2020.08.09"]
[Round "9.4"]
[White "Fitzsimons, David"]
[Black "Flynn, Jacob"]
[Result "1-0"]
[WhiteElo "2334"]
[BlackElo "2114"]
[Annotator "ChessBase"]
[PlyCount "105"]
[EventDate "2020.08.01"]
[EventType "swiss"]
[EventCountry "IRL"]
[SourceTitle "playchess.com"]
[Source "ChessBase"]
[SourceQuality "1"]
[TimeControl "8100+35"]

1. e4 {[%emt 0:00:00]} c6 {[%emt 0:00:00]} 2. d3 {[%emt 0:00:00]} d5 {[%emt 0:00:00]} 3. Nd2 {[%emt 0:00:00]} e5 {[%emt 0:00:27]} 4. Ngf3 {[%emt 0:00:00]} Bd6 {[%emt 0:00:14]} 5. d4 {[%emt 0:00:00]} exd4 {[%emt 0:03:34]} 6. Bd3 {[%emt 0:00:13]} Ne7 {[%emt 0:13:05]} 7. O-O {[%emt 0:00:11]} O-O {[%emt 0:00:51]} 8. Nxd4 {[%emt 0:00:15]} Nd7 {[%emt 0:06:04]} 9. exd5 {[%emt 0:00:22]} Ne5 {[%emt 0:06:08]} 10. Ne4 {[%emt 0:01:05]} Nxd3 {[%emt 0:04:42]} 11. Qxd3 {[%emt 0:00:07]} Nxd5 {[%emt 0:00:32]} 12. Bg5 {[%emt 0:02:28]} Be7 {[%emt 0:10:07]} 13. Bxe7 {[%emt 0:00:30]} Nxe7 {[%emt 0:01:26]} 14. Rfe1 {[%emt 0:01:05]} Nf5 {[%emt 0:02:56]} 15. Rad1 {[%emt 0:08:21]} Nxd4 {[%emt 0:08:03]} 16. Qxd4 {[%emt 0:00:35]} Qxd4 {[%emt 0:12:23]} 17. Rxd4 {[%emt 0:00:14]} b6 {[%emt 0:00:33]} 18. h3 {[%emt 0:07:37]} h6 {[%emt 0:05:42]} 19. Rd6 {[%emt 0:02:06]} c5 {[%emt 0:00:41]} 20. Nc3 {[%emt 0:04:27]} Be6 {[%emt 0:01:04]} 21. Red1 {[%emt 0:03:50]} Rfc8 {[%emt 0:07:38]} 22. a4 {[%emt 0:12:46]} Kf8 {[%emt 0:06:48]} 23. Ne2 {[%emt 0:18:52]} g5 {[%emt 0:15:00]} 24. Nc3 {[%emt 0:20:31]} Ke7 {[%emt 0:04:54]} 25. Nb5 {[%emt 0:00:33]} a6 {[%emt 0:02:46]} 26. Nc3 {[%emt 0:00:06]} Rab8 {[%emt 0:00:22]} 27. a5 {[%emt 0:06:07]} bxa5 {[%emt 0:00:50]} 28. Rxa6 {[%emt 0:00:06]} Rxb2 {[%emt 0:00:44]} 29. Rd2 {[%emt 0:00:07]} Rd8 {[%emt 0:01:38]} 30. Re2 {[%emt 0:08:34]} Rd4 {[%emt 0:04:25]} 31. Rxa5 {[%emt 0:00:49]} c4 {[%emt 0:06:57]} 32. Ra6 {[%emt 0:01:22]} Kf8 {[%emt 0:01:32]} 33. Ra5 {[%emt 0:04:50]} Kg7 {[%emt 0:02:37]} 34. Kh2 {[%emt 0:00:23]} Kg6 {[%emt 0:02:14]} 35. g4 {[%emt 0:03:02]} Rd8 {[%emt 0:07:19]} 36. Kg3 {[%emt 0:00:35]} Rd7 {[%emt 0:02:04]} 37. f3 {[%emt 0:03:50]} Rd8 {[%emt 0:00:20]} 38. Ra6 {[%emt 0:01:08]} Kg7 {[%emt 0:01:11]} 39. Rc6 {[%emt 0:00:31]} Ra8 {[%emt 0:01:06]} 40. h4 {[%emt 0:03:36]} Ra1 {[%emt 0:03:41]} 41. Rc7 {[%emt 0:03:51]} Rc1 {[%emt 0:02:27]} 42. hxg5 {[%emt 0:03:40]} hxg5 {[%emt 0:00:05]} 43. Re5 {[%emt 0:03:13]} Rcxc2 {[%emt 0:02:53]} 44. Rxg5+ {[%emt 0:00:11]} Kf8 {[%emt 0:00:14]} 45. Ne4 {[%emt 0:00:15]} f5 {[%emt 0:01:53]} 46. Nc5 {[%emt 0:01:14]} Re2 {[%emt 0:00:58]} 47. Nxe6+ {[%emt 0:00:32]} Rxe6 {[%emt 0:00:07]} 48. Rxf5+ {[%emt 0:00:05]} Kg8 {[%emt 0:00:24]} 49. Ra5 {[%emt 0:00:14]} Re8 {[%emt 0:00:19]} 50. Rxc4 {[%emt 0:00:05]} Rb3 {[%emt 0:00:07]} 51. Rf5 {[%emt 0:00:14]} Rf8 {[%emt 0:00:10]} 52. Rxf8+ {[%emt 0:00:06]} Kxf8 {[%emt 0:00:04]} 53. Kf4 {[%emt 0:00:12]} 1-0

[Event "Irish Championship 2020"]
[Site "Dublin"]
[Date "2020.08.09"]
[Round "9.5"]
[White "Collins, Adam"]
[Black "Kanyamarala, Trisha"]
[Result "1/2-1/2"]
[WhiteElo "1760"]
[BlackElo "2193"]
[Annotator "ChessBase"]
[PlyCount "56"]
[EventDate "2020.08.01"]
[EventType "swiss"]
[EventCountry "IRL"]
[SourceTitle "playchess.com"]
[Source "ChessBase"]
[SourceQuality "1"]
[TimeControl "8100+35"]

1. e4 {[%emt 0:00:00]} c5 {[%emt 0:00:00]} 2. c3 {[%emt 0:00:00]} Nf6 {[%emt 0:00:00]} 3. e5 {[%emt 0:00:00]} Nd5 {[%emt 0:00:00]} 4. d4 {[%emt 0:00:00]} cxd4 {[%emt 0:00:25]} 5. Nf3 {[%emt 0:00:00]} Nc6 {[%emt 0:00:54]} 6. cxd4 {[%emt 0:00:00]} d6 {[%emt 0:00:56]} 7. Bc4 {[%emt 0:00:00]} Nb6 {[%emt 0:01:09]} 8. Bb3 {[%emt 0:00:00]} dxe5 {[%emt 0:05:13]} 9. d5 {[%emt 0:00:01]} Na5 {[%emt 0:06:36]} 10. Nc3 {[%emt 0:00:23]} Nxb3 {[%emt 0:03:28]} 11. Qxb3 {[%emt 0:00:18]} f6 {[%emt 0:01:17]} 12. Be3 {[%emt 0:02:38]} g6 {[%emt 0:07:58]} 13. Rc1 {[%emt 0:14:09]} Bd7 {[%emt 0:15:49]} 14. O-O {[%emt 0:15:30]} Bg7 {[%emt 0:05:34]} 15. d6 {[%emt 0:27:39]} exd6 {[%emt 0:36:26]} 16. Rfd1 {[%emt 0:10:13]} Bc6 {[%emt 0:02:39]} 17. Bc5 {[%emt 0:08:14]} Nc8 {[%emt 0:04:34]} 18. Ba3 {[%emt 0:09:02]} Qe7 {[%emt 0:03:44]} 19. Nd4 {[%emt 0:07:49]} Bh6 {[%emt 0:05:01]} 20. Nxc6 {[%emt 0:02:48]} bxc6 {[%emt 0:00:13]} 21. Rc2 {[%emt 0:00:16]} Qf7 {[%emt 0:04:32]} 22. Ne4 {[%emt 0:04:37]} Qxb3 {[%emt 0:10:09]} 23. axb3 {[%emt 0:00:02]} O-O {[%emt 0:04:02]} 24. Rxc6 {[%emt 0:04:43]} Bg7 {[%emt 0:10:14]} 25. Nxd6 {[%emt 0:02:03]} Rd8 {[%emt 0:02:02]} 26. Rdc1 {[%emt 0:01:50]} Nxd6 {[%emt 0:03:11]} 27. Bxd6 {[%emt 0:01:51]} Bh6 {[%emt 0:00:42]} 28. Ra1 {[%emt 0:03:47]} Rac8 {[%emt 0:07:30]} 1/2-1/2

[Event "Irish Championship 2020"]
[Site "Dublin"]
[Date "2020.08.09"]
[Round "9.6"]
[White "Wallace, John Paul"]
[Black "O'Connell, Gerard"]
[Result "1-0"]
[WhiteElo "2346"]
[BlackElo "2075"]
[Annotator "ChessBase"]
[PlyCount "53"]
[EventDate "2020.08.01"]
[EventType "swiss"]
[EventCountry "IRL"]
[SourceTitle "playchess.com"]
[Source "ChessBase"]
[SourceQuality "1"]
[TimeControl "8100+35"]

1. e4 {[%emt 0:00:00]} c5 {[%emt 0:00:00]} 2. Nf3 {[%emt 0:00:00]} d6 {[%emt 0:00:00]} 3. d4 {[%emt 0:00:00]} cxd4 {[%emt 0:00:00]} 4. Nxd4 {[%emt 0:00:00]} Nf6 {[%emt 0:00:00]} 5. Nc3 {[%emt 0:00:00]} g6 {[%emt 0:00:00]} 6. Be3 {[%emt 0:00:00]} Bg7 {[%emt 0:00:00]} 7. f3 {[%emt 0:00:26]} Nc6 {[%emt 0:00:00]} 8. Qd2 {[%emt 0:00:05]} O-O {[%emt 0:00:03]} 9. O-O-O {[%emt 0:00:06]} Bd7 {[%emt 0:00:19]} 10. h4 {[%emt 0:03:00]} Rc8 {[%emt 0:00:31]} 11. Kb1 {[%emt 0:01:38]} Ne5 {[%emt 0:01:04]} 12. Nd5 {[%emt 0:03:34]} Nxd5 {[%emt 0:12:02]} 13. exd5 {[%emt 0:01:44]} Rc5 {[%emt 0:24:35]} 14. Nb3 {[%emt 0:23:34]} Nc4 {[%emt 0:06:37]} 15. Bxc4 {[%emt 0:00:20]} Rxc4 {[%emt 0:00:02]} 16. g4 {[%emt 0:02:42]} f5 {[%emt 0:11:02]} 17. h5 {[%emt 0:21:52]} fxg4 {[%emt 0:26:09]} 18. hxg6 {[%emt 0:02:41]} hxg6 {[%emt 0:00:24]} 19. Nd4 {[%emt 0:38:38]} Bf5 {[%emt 0:18:52]} 20. Nxf5 {[%emt 0:05:29]} Rxf5 {[%emt 0:16:45]} 21. b3 {[%emt 0:01:38]} Bc3 {[%emt 0:14:42]} 22. Qd3 {[%emt 0:04:14]} b5 {[%emt 0:00:15]} 23. fxg4 {[%emt 0:02:35]} Rf6 {[%emt 0:07:43]} 24. Rh6 {[%emt 0:03:14]} Qa5 {[%emt 0:03:13]} 25. Rdh1 {[%emt 0:03:22]} Kf7 {[%emt 0:02:29]} 26. Rh8 {[%emt 0:12:32]} Rf3 {[%emt 0:00:30]} 27. Bd4 {[%emt 0:04:19]} 1-0

[Event "Irish Championship 2020"]
[Site "Dublin"]
[Date "2020.08.09"]
[Round "9.7"]
[White "Venkatesan, Kavin"]
[Black "Melaugh, Gavin"]
[Result "1/2-1/2"]
[WhiteElo "1946"]
[BlackElo "2003"]
[Annotator "NA"]
[PlyCount "160"]
[EventDate "2020.08.01"]
[EventType "swiss"]
[EventCountry "IRL"]
[SourceTitle "playchess.com"]
[Source "ChessBase"]
[SourceQuality "1"]
[TimeControl "8100+35"]

1. d4 {[%emt 0:00:00]} e6 {[%emt 0:08:44]} 2. c4 {[%emt 0:00:00]} f5 {[%emt 0:00:28]} 3. g3 {[%emt 0:00:00]} Nf6 {[%emt 0:00:04]} 4. Bg2 {[%emt 0:00:00]} Bb4+ {[%emt 0:00:29]} 5. Bd2 {[%emt 0:00:25]} Bxd2+ {[%emt 0:00:50]} 6. Nxd2 {[%emt 0:01:24]} O-O {[%emt 0:00:09]} 7. Ngf3 {[%emt 0:01:36]} d6 {[%emt 0:02:23]} 8. O-O {[%emt 0:02:31]} Nc6 {[%emt 0:05:41]} 9. Qc2 {[%emt 0:09:31]} e5 {[%emt 0:03:15] A90: Dutch Defence: Miscellaneous and Modern Stonewall (with ...Bd6).} 10. dxe5 {[%emt 0:07:29]} dxe5 {[%emt 0:00:14]} 11. Rfd1 {[%emt 0:01:19] [#]} Qe8 $146 {[%emt 0:03:40]} ({Predecessor:} 11... Qe7 12. e3 e4 13. Nd4 Ne5 14. a3 c5 15. Ne2 Be6 16. b3 Bf7 17. Nb1 Bh5 {1-0 (35) Chalmeta Ugas,J (2076)-Limeres Guiance,C (2272) Barcelona 2005}) 12. Nb3 {[%emt 0:12:00]} Qh5 {[%emt 0:13:12]} 13. Qc3 {[%emt 0:10:47]} Ne4 {[%emt 0:14:29]} 14. Qe3 {[%emt 0:00:41]} Be6 {[%emt 0:02:43]} 15. Rac1 {[%emt 0:03:33]} Rae8 {[%emt 0:07:56]} 16. Nc5 {[%emt 0:15:37]} Nxc5 {[%emt 0:03:02]} 17. Qxc5 {[%emt 0:00:04]} e4 {[%emt 0:00:13]} 18. Nd4 $1 {[%emt 0:00:28]} Nxd4 {[%emt 0:00:22]} 19. Qxd4 {[%emt 0:00:20]} Qxe2 {[%emt 0:10:20]} 20. Re1 {[%emt 0:04:44]} Qh5 {[%emt 0:13:09]} 21. Qxa7 {[%emt 0:01:40]} Qf7 {[%emt 0:08:58]} 22. Qc5 {[%emt 0:09:00]} Rd8 {[%emt 0:04:17]} 23. f3 {[%emt 0:08:21]} b6 {[%emt 0:02:51]} 24. Qf2 {[%emt 0:15:13]} exf3 {[%emt 0:02:47]} 25. Qxf3 {[%emt 0:02:11]} Bxc4 {[%emt 0:04:52]} 26. Qf4 {[%emt 0:02:17]} Bxa2 {[%emt 0:02:49]} 27. Rxc7 {[%emt 0:00:29]} Rd7 {[%emt 0:03:13]} 28. Rxd7 {[%emt 0:01:43]} Qxd7 {[%emt 0:00:20]} 29. Qb4 {[%emt 0:02:04]} b5 {[%emt 0:11:58]} 30. Bf3 {[%emt 0:12:54]} Bc4 {[%emt 0:04:55]} 31. Qc3 {[%emt 0:07:02]} Qf7 {[%emt 0:06:38]} 32. Re5 {[%emt 0:03:25]} Rd8 {[%emt 0:04:51]} 33. Qa5 {[%emt 0:04:46]} Re8 {[%emt 0:02:18]} 34. Rxe8+ {[%emt 0:00:11]} Qxe8 {[%emt 0:00:02]} 35. Qd2 {[%emt 0:00:07]} Qe6 {[%emt 0:00:50]} 36. Kg2 {[%emt 0:01:36]} Kf7 {[%emt 0:00:15]} 37. Bh5+ {[%emt 0:00:21]} g6 {[%emt 0:01:45]} 38. Bf3 {[%emt 0:00:06]} Qe5 {[%emt 0:00:40]} 39. b4 {[%emt 0:00:44]} Ke7 {[%emt 0:00:46]} 40. Kf2 {[%emt 0:01:00]} Qd6 {[%emt 0:00:54]} 41. Qe3+ {[%emt 0:01:05]} Kf6 {[%emt 0:00:25]} 42. Qc3+ {[%emt 0:00:30]} Qe5 {[%emt 0:00:19]} 43. Qd2 {[%emt 0:00:02]} Ke6 {[%emt 0:00:35]} 44. h4 {[%emt 0:02:36]} Bd5 {[%emt 0:00:47]} 45. Bxd5+ {[%emt 0:00:40]} Qxd5 {[%emt 0:00:01]} 46. Qe3+ {[%emt 0:00:16]} Kd6 {[%emt 0:01:17]} 47. Qb6+ {[%emt 0:00:36]} Qc6 {[%emt 0:00:34]} 48. Qd4+ {[%emt 0:00:12]} Ke6 {[%emt 0:00:20]} 49. Qe3+ {[%emt 0:00:11]} Kf7 {[%emt 0:01:08]} 50. Qa7+ {[%emt 0:01:07]} Kg8 {[%emt 0:00:09]} 51. Qb8+ {[%emt 0:00:12]} Kg7 {[%emt 0:00:15]} 52. Qa7+ {[%emt 0:00:01]} Kf6 {[%emt 0:00:49]} 53. Qd4+ {[%emt 0:00:06]} Ke6 {[%emt 0:00:19]} 54. Qe3+ {[%emt 0:00:06]} Kd6 {[%emt 0:01:22]} 55. Qd4+ {[%emt 0:00:23]} Qd5 {[%emt 0:00:32]} 56. Qb6+ {[%emt 0:00:43]} Ke5 {[%emt 0:00:34]} 57. Qe3+ {[%emt 0:01:22]} Kf6 {[%emt 0:00:20]} 58. Qb6+ {[%emt 0:00:15]} Kg7 {[%emt 0:00:56]} 59. Qa7+ {[%emt 0:00:25]} Qf7 {[%emt 0:00:31]} 60. Qd4+ {[%emt 0:00:07]} Kf8 {[%emt 0:00:25]} 61. Qh8+ $11 {[%emt 0:00:36]} Qg8 {[%emt 0:00:49]} 62. Qf6+ {[%emt 0:00:39]} Qf7 {[%emt 0:00:27]} 63. Qh8+ {[%emt 0:01:19]} Qg8 {[%emt 0:00:39]} 64. Qf6+ {[%emt 0:01:38]} Qf7 {[%emt 0:00:14]} 65. Qh8+ {[%emt 0:00:54]} Ke7 {[%emt 0:00:08]} 66. Qe5+ {[%emt 0:00:08]} Qe6 {[%emt 0:00:01]} 67. Qxb5 {[%emt 0:00:26]} Qa2+ {[%emt 0:00:17]} 68. Kf1 {[%emt 0:01:03]} Qb1+ {[%emt 0:01:04]} 69. Kg2 {[%emt 0:00:42]} Qe4+ {[%emt 0:00:16]} 70. Kf2 {[%emt 0:00:29]} f4 {[%emt 0:01:03]} 71. Qg5+ {[%emt 0:00:23]} Ke6 {[%emt 0:01:06]} 72. Qxf4 {[%emt 0:00:07]} Qc2+ {[%emt 0:00:08]} 73. Kf3 {[%emt 0:00:54]} Qd1+ {[%emt 0:00:18]} 74. Kg2 {[%emt 0:00:14]} Qe2+ {[%emt 0:00:44]} 75. Kh3 {[%emt 0:00:11]} h5 {[%emt 0:00:26]} 76. Qd4 {[%emt 0:03:09]} Qf1+ {[%emt 0:00:25]} 77. Kh2 {[%emt 0:00:06]} Qe2+ {[%emt 0:00:10]} 78. Kg1 {[%emt 0:00:37]} Qe1+ {[%emt 0:00:19]} 79. Kg2 {[%emt 0:00:58]} Qe2+ {[%emt 0:00:06]} 80. Kg1 {[%emt 0:00:07]} Qe1+ {[%emt 0:00:05]} 1/2-1/2

[Event "Irish Championship 2020"]
[Site "Dublin"]
[Date "2020.08.09"]
[Round "9.8"]
[White "Peoples, Jonathon"]
[Black "Putar, Leon"]
[Result "1-0"]
[WhiteElo "1932"]
[BlackElo "1894"]
[Annotator "ChessBase"]
[PlyCount "73"]
[EventDate "2020.08.01"]
[EventType "swiss"]
[EventCountry "IRL"]
[SourceTitle "playchess.com"]
[Source "ChessBase"]
[SourceQuality "1"]
[TimeControl "8100+35"]

1. e4 {[%emt 0:00:00]} e6 {[%emt 0:00:00]} 2. d4 {[%emt 0:00:00]} d5 {[%emt 0:00:00]} 3. Nd2 {[%emt 0:00:00]} Nf6 {[%emt 0:00:39]} 4. e5 {[%emt 0:00:00]} Nfd7 {[%emt 0:00:46]} 5. Bd3 {[%emt 0:00:04]} c5 {[%emt 0:00:44]} 6. c3 {[%emt 0:00:05]} Nc6 {[%emt 0:01:46]} 7. Ne2 {[%emt 0:00:07]} cxd4 {[%emt 0:00:47]} 8. cxd4 {[%emt 0:00:05]} f6 {[%emt 0:00:22]} 9. Nf4 {[%emt 0:00:04]} Qe7 {[%emt 0:03:00]} 10. Nf3 {[%emt 0:00:33]} fxe5 {[%emt 0:07:38]} 11. dxe5 {[%emt 0:00:12]} Ndxe5 {[%emt 0:02:40]} 12. Nxe5 {[%emt 0:00:06]} Nxe5 {[%emt 0:00:16]} 13. Qh5+ {[%emt 0:00:05]} Nf7 {[%emt 0:00:55]} 14. O-O {[%emt 0:01:20]} g6 {[%emt 0:02:57]} 15. Qe2 {[%emt 0:00:24]} Bd7 {[%emt 0:04:45]} 16. Re1 {[%emt 0:12:50]} e5 {[%emt 0:15:26]} 17. Nxd5 {[%emt 0:14:01]} Qd6 {[%emt 0:04:32]} 18. Nc3 {[%emt 0:03:57]} a6 {[%emt 0:04:38]} 19. Be3 {[%emt 0:04:20]} Be7 {[%emt 0:08:10]} 20. Rad1 {[%emt 0:08:11]} Rc8 {[%emt 0:04:21]} 21. Be4 {[%emt 0:25:03]} Qb4 {[%emt 0:09:09]} 22. a3 {[%emt 0:05:03]} Qa5 {[%emt 0:02:39]} 23. Nd5 {[%emt 0:06:06]} Bd8 {[%emt 0:03:30]} 24. Qf3 {[%emt 0:07:34]} O-O {[%emt 0:03:15]} 25. b4 {[%emt 0:08:25]} Qb5 {[%emt 0:05:31]} 26. Nf6+ {[%emt 0:04:07]} Bxf6 {[%emt 0:01:09]} 27. Qxf6 {[%emt 0:00:07]} Bc6 {[%emt 0:01:54]} 28. Bc5 {[%emt 0:08:24]} Rfe8 {[%emt 0:00:38]} 29. Bd3 {[%emt 0:00:14]} Qa4 {[%emt 0:00:41]} 30. Bc4 {[%emt 0:00:12]} Rc7 {[%emt 0:05:27]} 31. Be3 {[%emt 0:03:36]} g5 {[%emt 0:01:33]} 32. Bxg5 {[%emt 0:01:08]} Qc2 {[%emt 0:00:18]} 33. Rd3 {[%emt 0:05:19]} Qxc4 {[%emt 0:05:31]} 34. Rg3 {[%emt 0:00:22]} Be4 {[%emt 0:01:42]} 35. Bh6+ {[%emt 0:00:10]} Ng5 {[%emt 0:00:06]} 36. Rxg5+ {[%emt 0:00:12]} Bg6 {[%emt 0:00:07]} 37. Rxg6+ {[%emt 0:01:14]} 1-0

[Event "Irish Championship 2020"]
[Site "Dublin"]
[Date "2020.08.09"]
[Round "9.9"]
[White "Brady, Stephen"]
[Black "Collins, Sam E."]
[Result "1-0"]
[WhiteElo "2290"]
[BlackElo "2459"]
[Annotator "TA"]
[PlyCount "123"]
[EventDate "2020.08.01"]
[EventType "swiss"]
[EventCountry "IRL"]
[SourceTitle "playchess.com"]
[Source "ChessBase"]
[SourceQuality "1"]

{[%evp 9,123,16,11,0,0,0,0,-5,0,-17,37,30,43,27,37,47,34,36,32,23,22,18,68,45,96,24,95,95,87,87,92,88,102,103,155,147,157,109,132,118,191,160,392,381,372,345,348,331,368,331,343,291,294,304,324,323,305,261,264,243,239,168,168,165,165,165,165,163,172,172,206,178,183,0,192,192,192,187,225,226,186,183,300,239,239,239,525,279,279,279,3119,4142,4743,4289,5627,5627,5328,5518,5093,4134,29981,29982,29982,29983,29983,29984,29985,29986,29986,29986,29989,29990,29990,29991,29991,29992]} 1. Nf3 d5 2. g3 g6 3. Bg2 Bg7 4. O-O e5 5. d3 Nc6 6. c3 {A07: Réti Opening: New York and Capablanca Systems.} Nge7 7. e4 O-O 8. b4 {The position is equal.} a6 9. Bb2 {[#]} d4 $146 (9... dxe4 $11 10. dxe4 Bg4) ({Predecessor:} 9... Bg4 10. h3 Bxf3 11. Bxf3 d4 12. a3 dxc3 13. Nxc3 Qd7 14. Bg2 Rad8 15. Qb3 Nd4 {½-½ (51) Marin,M (2603)-Cheparinov,I (2681) Jerusalem 2015}) 10. cxd4 $14 exd4 11. a3 b5 12. Nbd2 {[%cal Bb1d2,Bd2b3,Bb3c5][%mdl 32]} a5 13. bxa5 Nxa5 14. Nb3 {[%cal Rb2d4]} Nec6 15. Rc1 Be6 16. Nc5 Qe7 (16... Bg4 $14) 17. Nd2 ({White should try} 17. Nxe6 $16 fxe6 18. e5) 17... Rab8 (17... Bc4 $11 {keeps the balance.}) 18. f4 $16 Nc4 19. Nxe6 Nxb2 20. Qb3 Qxe6 21. Qxb2 Rb6 (21... Na5 $142) 22. e5 Rd8 23. Qc2 {[%cal Rg2c6]} Ne7 24. Qxc7 Rc8 (24... Rbb8 $16 25. Rc5 Rdc8) 25. Qa7 $36 {[%mdl 2048] White is in control.} Rc3 $2 (25... Rbb8 $16 26. Ne4 (26. Qxd4 Nf5 $16) 26... Nf5) 26. Ne4 Ra6 27. Qxd4 Rxc1 28. Rxc1 {[#] And now Qd8+ would win.} Bf8 29. Nf6+ Kg7 30. Ne8+ Kg8 31. Nc7 Qb6 32. Qxb6 Rxb6 33. Rb1 Nf5 34. Rxb5 Bxa3 35. Be4 {Bxf5 is the strong threat.} Rxb5 36. Nxb5 {[%mdl 4096] Endgame KBN-KBN} Bc5+ 37. Kg2 {Threatens to win with Bxf5.} Nd4 38. Nc3 Kg7 39. Bd5 Nc2 40. Kf3 Nd4+ 41. Kg2 Nc2 $1 42. Bc4 Ne1+ 43. Kf1 Nf3 44. Ne4 Bb6 45. h3 g5 (45... h6 {was worth a try.} 46. Nf6 Bc5) 46. Nxg5 Nxg5 47. fxg5 {KB-KB} Bc7 $2 {[#]} (47... Bd4 48. e6 fxe6 49. Bxe6 h6 50. gxh6+ Kxh6) 48. d4 Bb6 49. d5 Bc7 $2 (49... Bd4 50. e6 fxe6 51. dxe6 Bc5) 50. d6 Ba5 51. Kg2 Bc3 52. d7 Ba5 53. Kf3 Kf8 54. e6 Bd8 55. exf7 {White mates.} Bxg5 56. Kg4 Bd8 57. Kf5 Ke7 58. g4 Kf8 59. g5 Kg7 60. h4 Kf8 61. Ke6 Kg7 62. Bd3 {Accuracy: White = 88%, Black = 55%.} 1-0

[Event "Irish Championship 2020"]
[Site "Dublin"]
[Date "2020.08.09"]
[Round "9.10"]
[White "Putar, Lara"]
[Black "O`Gorman, Alice"]
[Result "1-0"]
[WhiteElo "1834"]
[BlackElo "1904"]
[Annotator "ChessBase"]
[PlyCount "71"]
[EventDate "2020.08.01"]
[EventType "swiss"]
[EventCountry "IRL"]
[SourceTitle "playchess.com"]
[Source "ChessBase"]
[SourceQuality "1"]
[TimeControl "8100+35"]

1. d4 {[%emt 0:00:00]} d5 {[%emt 2:15:35]} 2. c4 {[%emt 0:00:00]} e6 {[%emt 0:00:35]} 3. Nf3 {[%emt 0:00:00]} c6 {[%emt 0:00:35]} 4. g3 {[%emt 0:00:05]} dxc4 {[%emt 0:00:35]} 5. Bg2 {[%emt 0:00:41]} b5 {[%emt 0:00:35]} 6. a4 {[%emt 0:01:13]} Bb7 {[%emt 0:00:35]} 7. Nc3 {[%emt 0:02:00]} a6 {[%emt 0:00:35]} 8. Ne5 {[%emt 0:01:29]} Qc8 {[%emt 0:00:35]} 9. O-O {[%emt 0:03:45]} Nd7 {[%emt 0:00:35]} 10. Ne4 {[%emt 0:06:32]} Be7 {[%emt 0:00:35]} 11. Nxd7 {[%emt 0:08:25]} Qxd7 {[%emt 0:00:35]} 12. Nc5 {[%emt 0:01:14]} Bxc5 {[%emt 0:00:35]} 13. dxc5 {[%emt 0:00:11]} Qe7 {[%emt 0:00:35]} 14. Qd6 {[%emt 0:06:07]} Qxd6 {[%emt 0:00:35]} 15. cxd6 {[%emt 0:00:13]} Nf6 {[%emt 0:00:35]} 16. axb5 {[%emt 0:11:46]} axb5 {[%emt 0:00:35]} 17. Rxa8+ {[%emt 0:01:27]} Bxa8 {[%emt 0:00:35]} 18. Be3 {[%emt 0:01:00]} Kd7 {[%emt 0:00:35]} 19. Bc5 {[%emt 0:01:08]} Bb7 {[%emt 0:00:35]} 20. e4 {[%emt 0:05:55]} Ra8 {[%emt 0:00:35]} 21. f4 {[%emt 0:06:42]} Ra4 {[%emt 0:00:35]} 22. e5 {[%emt 0:02:42]} Ng8 {[%emt 0:00:35]} 23. f5 {[%emt 0:03:02]} exf5 {[%emt 0:00:35]} 24. Rxf5 {[%emt 0:04:31]} Ra1+ {[%emt 0:00:35]} 25. Kf2 {[%emt 0:02:51]} Nh6 {[%emt 0:00:35]} 26. Bh3 {[%emt 0:02:42]} Ke8 {[%emt 0:00:35]} 27. d7+ {[%emt 0:00:36]} Kd8 {[%emt 0:00:35]} 28. Bb6+ {[%emt 0:00:20]} Kxd7 {[%emt 0:00:35]} 29. Rxf7+ {[%emt 0:00:22]} Ke8 {[%emt 0:00:35]} 30. Rxb7 {[%emt 0:00:36]} Ra2 {[%emt 0:00:35]} 31. Bd7+ {[%emt 0:01:03]} Ke7 {[%emt 0:00:35]} 32. Bc5+ {[%emt 0:00:20]} Kd8 {[%emt 0:00:35]} 33. e6 {[%emt 0:00:50]} Rxb2+ {[%emt 0:00:35]} 34. Kf3 {[%emt 0:00:19]} Nf5 {[%emt 0:00:35]} 35. g4 {[%emt 0:00:43]} Ne7 {[%emt 0:00:35]} 36. Bb6# {[%emt 0:00:09]} 1-0

[Event "Irish Championship 2020"]
[Site "Dublin"]
[Date "2020.08.09"]
[Round "9.11"]
[White "Lyons, Brendan"]
[Black "Carroll, Peter"]
[Result "0-1"]
[WhiteElo "1941"]
[BlackElo "2009"]
[Annotator "NA"]
[PlyCount "36"]
[EventDate "2020.08.01"]
[EventType "swiss"]
[EventCountry "IRL"]
[SourceTitle "playchess.com"]
[Source "ChessBase"]
[SourceQuality "1"]
[TimeControl "8100+35"]

{[%evp 8,36,62,64,62,32767,32767,53,70,53,74,-11,9,-26,3,-175,32767,32767,-377,-534,32767,32767,32767,32767,32767,32767,-1283,32767,32767,32767,-1570]} 1. e4 {[%emt 0:21:16]} c5 {[%emt 0:08:41]} 2. Nc3 {[%emt 0:00:10]} g6 {[%emt 0:00:10]} 3. d4 {[%emt 0:00:06]} Bg7 {[%emt 0:06:01]} 4. dxc5 {[%emt 0:00:53]} Qa5 {[%emt 0:20:28]} 5. Bd2 {[%emt 0:01:09]} Qxc5 {[%emt 0:00:19]} 6. Nd5 {[%emt 0:00:11]} Na6 {[%emt 0:06:58]} 7. Nf3 {[%emt 0:30:20]} e6 $1 {[%emt 0:14:03]} 8. b4 {[%emt 0:11:20]} Qf8 {[%emt 0:01:38]} 9. b5 {[%emt 0:09:42]} (9. Nc3 $16) 9... exd5 {[%emt 0:04:01]} 10. bxa6 {[%emt 0:00:21]} dxe4 {[%emt 0:00:52]} 11. axb7 $2 {[%emt 0:05:38]} (11. Ng5 $14 {stays ahead.} h6 12. Rb1 hxg5 13. axb7 Bxb7 14. Rxb7) 11... Bxb7 {[%emt 0:05:53]} 12. Rb1 {[%emt 0:00:56]} exf3 {[%emt 0:00:31]} 13. gxf3 {[%emt 0:25:39]} (13. Rxb7 {was the only defense.} Qe7+ 14. Be2 fxe2 15. Qxe2) 13... Qe7+ {[%emt 0:00:50]} 14. Be2 {[%emt 0:13:31]} Bxf3 {[%emt 0:01:56]} 15. Be3 {[%emt 0:00:49]} Bxh1 {[%emt 0:01:50]} 16. Bb5 {[%emt 0:06:16]} Nf6 {[%emt 0:01:17]} 17. Kf1 {[%emt 0:00:45]} O-O {[%emt 0:00:50]} 18. Rb3 {[%emt 0:00:49]} Qe4 $19 {[%emt 0:01:06]} 0-1